Four decades of research on management of micro-and secondary-nutrients and pollutant elements in crops and soils of Gujarat (Record no. 44469)

MARC details
000 -LEADER
fixed length control field 00537nam a2200157Ia 4500
082 ## - DEWEY DECIMAL CLASSIFICATION NUMBER
Classification number 631.811(540)IIS
Item number PAT
100 ## - MAIN ENTRY--AUTHOR NAME
Personal name PATEL, K P et al.
245 #0 - TITLE STATEMENT
Title Four decades of research on management of micro-and secondary-nutrients and pollutant elements in crops and soils of Gujarat
260 ## - PUBLICATION, DISTRIBUTION, ETC. (IMPRINT)
Place of publication Indian Institute of Soil Science
Name of publisher Bhopal
Year of publication 2010
650 ## - SUBJECT ADDED ENTRY--TOPICAL TERM
Topical Term Gujarat
650 ## - SUBJECT ADDED ENTRY--TOPICAL TERM
Topical Term Heavy metal pollution
650 ## - SUBJECT ADDED ENTRY--TOPICAL TERM
Topical Term Nutrient deficiency
650 ## - SUBJECT ADDED ENTRY--TOPICAL TERM
Topical Term Nutrient interaction
942 ## - ADDED ENTRY ELEMENTS (KOHA)
Koha item type Books
Holdings
Withdrawn status Lost status Damaged status Not for loan Home library Current library Date acquired Source of acquisition Full call number Accession Number Koha item type
        RRII Library RRII Library 16/12/2021 Gift 631.811(540)IIS PAT G01215 Books